000 00478nam a2200169Ia 4500
008 240729s9999 xx 000 0 und d
022 _a1998-3891
245 0 _aJournal of Indian Association of Pediatric Surgeons
260 _aIndia
260 _bWolters Kluwer Medknow Publications
650 _a Pediatrics | Medicine
650 _a Surgery
650 _aMedicine
856 _uhttps://doaj.org/toc/ff1beb3313ce4dfbab5daa3aa228d798
942 _2ddc
942 _cDOAJEJ
999 _c71631
_d71631
945 _a1
_bMadushi Gamage
_c1
_dMadushi Gamage